Größte Länder Europas nach Fläche - Statistiken

Allgemein
  • Dieses Quiz wurde 310 mal gespielt
  • Das Durchschnittsergebnis liegt bei 10 aus 10
Antwortstatistiken
Rang Fläche in km^2 Land % Korrekt
1 über 3,9 Mio. Russland
100%
6 357.022 Deutschland
98%
3 551.695 Frankreich
98%
4 505.990 Spanien
98%
5 450.295 Schweden
97%
8 323.802 Norwegen
96%
2 603.500 Ukraine
95%
7 338.424 Finnland
94%
10 301.338 Italien
94%
9 312.679 Polen
94%
Keine übereinstimmenden Quizze gefunden
Verteilung der Resultate
Anzahl Personen mit jedem Resultat
Perzentil nach korrekt beantworteten Fragen
Ihre Resultats-Entwicklung
Sie haben dieses Quiz noch nicht gespielt